Normal view
MARC view
- Nacionalsocialismo
Entry Materia
001 - NÚMERO DE CONTROL DEL REGISTRO
- campo de control: 7408
003 - IDENTIFICADOR DE NUMERO DE CONTROL
- campo de control: MX-MxUPN
005 - FECHA Y HORA DE LA ÚLTIMA TRANSACCIÓN
- campo de control: 20231023202604.0
008 - DATOS DE LONGITUD FIJA
- campo de control de longitud fija: 231023nn annnnbabn a ana |d
035 ## - NÚMERO DE CONTROL DEL SISTEMA
- Número de control del sistema: UPN10000007412
040 ## - FUENTE DE LA CATALOGACIÓN
- Lengua de catalogación: SPA
- Agencia de transcripción: UPN
- Centro catalogador de origen: MX-MxUPN
150 ## - ENCABEZAMIENTO - TEMÁTICO
- Término de materia o nombre geográfico como elemento inicial: Nacionalsocialismo
450 ## - VÉASE - MATERIA
- Encabezamiento temático: Nazismo
670 ## - FUENTE EN LA QUE SE LOCALIZARON DATOS
- Cita de la fuente: LEMB, 1998 :
- Información localizada: página 733 (Nacionalsocialismo)
902 ## - CATALOGADOR
- Catalogador: JGVM/111096
- Catalogador: VíctorGodínez/231023
